Características de la inversión y del mercado mundial de la minería a principios de la década de 2000 (Registro nro. 5762)

Detalles MARC
000 -CABECERA
Campo de control 00802nam a2200229 a 4500
005 - FECHA Y HORA DE LA ULTIMA TRANSACCION
Campo de control 20160120062025.0
008 - ELEMENTOS DE LONGITUD FIJA—INFORMACION GENERAL
Campo de control 160120t2002 cl d fr|||| 000 0 spa d
020 ## - ISBN
ISBN 9213220898
040 ## - FUENTE DE CATALOGACIÓN
Agencia catalogadora original CO-BoIAVH
Agencia transcriptora CO-BoIAVH
041 0# - IDIOMA
Código de idioma para texto/pista de sonido o título separado Español
044 ## - PAÍS DE PUBLICACIÓN
País de publicación Chile
082 04 - NUMERO DE CLASIFICACION DECIMAL DEWEY
Número de clasificación 657.862
Número del ítem C19c
100 1# - ASIENTO PRINCIPAL--NOMBRE PERSONAL
Nombre personal Campodónico, Humberto
9 (RLIN) 53022
245 10 - MENCION DE TITULO
Título Características de la inversión y del mercado mundial de la minería a principios de la década de 2000
260 ## - PUBLICACION, DISTRIBUCION, ETC. (PIE DE IMPRENTA)
Lugar de publicación, distribución, etc. Santiago de Chile :
Nombre del editor, distribuidor, etc. Comisión Económica para América Latina y el Caribe,
Fecha de publicación, distribución, etc. 2002.
300 ## - DESCRIPCION FISICA
Extensión 66 páginas :
Otros detalles físicos Gráficos ;
Dimensiones 28 x 21 cm.
650 #6 - ASIENTO SECUNDARIO DE MATERIA - TERMINO TEMATICO
Término temático o nombre geográfico como elemento de entrada Minería
Subdivisión general economía de producción.
9 (RLIN) 53023
650 #6 - ASIENTO SECUNDARIO DE MATERIA - TERMINO TEMATICO
Término temático o nombre geográfico como elemento de entrada Industrias Mineras
9 (RLIN) 35444
650 #4 - ASIENTO SECUNDARIO DE MATERIA - TERMINO TEMATICO
Término temático o nombre geográfico como elemento de entrada Minería
Subdivisión general Demanda
9 (RLIN) 53024
700 1# - ASIENTO SECUNDARIO - NOMBRE PERSONAL
Nombre personal Ortiz, Georgina
9 (RLIN) 53025
942 ## - ELEMENTOS ADICIONALES (KOHA)
Tipo de ítem Libro
Sistema de clasificación Dewey Decimal Classification
Existencias
Withdrawn status Lost status Sistema de Clasificación Damaged status No para préstamo Colección Ubicación Permanente Ubicación actual Fecha de adquisición Fuente de Valor Total Checkouts Número topográfico Inventario / Código de Barras Date last seen Ejemplar Price effective from Tipo de material
    Dewey Decimal Classification     General Bogotá Bogotá 15/08/2007 Política intersectorial   LB-657.862 C19c 025030 04/12/2012 Ej.1 04/12/2012 Libro